00000000nam##2200000za#4500
0019.606265
003CaOODSP
00520210624212536
007cr |||||||||||
008150406|1982||||xxc|||||o    f|0| 0 fre|d
022 |a1488-5468
040 |aCaOODSP|bfre
043 |an-cn---
0861 |aFs97-4/1653F-PDF
1101 |aCanada. |bMinistère des pêches et des océans.
24510|aL'importance des zones littorales pour les ressources halieutiques : |h[ressource électronique]|bmémoire remis au Conseil consultatif de l'énvironnement du Québec / |cpar J.D. Dutil, M. Fortin y Y. Vigneault.
260 |aQuébec - Québec : |bPêches et Océans Canada |cFévrier 1982.
300 |a33p.|bfigures, graphiques, références, tableaux
4901 |aRapport manuscrit canadien des sciences halieutiques et aquatiques|x1488-5468|vN° 1653
500 |aLe n° de catalogue (Fs97-4/1653) et l'ISNN (0706-6473) de l'édition imprimée ont été incorrectement copiés dans l'édition électronique.
546 |a(Abstract in English)
590 |a13-25-Supp|b2013-10-28
69107|aEaux côtières|2gcpds
69107|aLittoral|2gcpds
69107|aPêcheries|2gcpds
7201 |aVigneault, Y.
7201 |aDutil, J. -D.
7201 |aFortin, M.
830#0|aRapport manuscrit canadien des sciences halieutiques et aquatiques,|x1488-5468|vN° 1653|w(CaOODSP)9.501611
85640|ahttp://publications.gc.ca|qPDF|s3.23 Mo|uhttps://publications.gc.ca/collections/collection_2013/mpo-dfo/Fs97-4-1653-fra.pdf|yN° 1653